Shapes of Countries at the 2030 FIFA World Cup - Statistics

General Stats
  • This quiz has been taken 83 times
  • The average score is 6 of 6
Answer Stats
Picture Answer % Correct
Spain
96%
Argentina
95%
Morocco
95%
Portugal
95%
Uruguay
89%
Paraguay
86%
No matching quizzes found
Score Distribution
Percent of People with Each Score
Percentile by Number Answered
Your Score History
You have not taken this quiz